Modely umiestnenia recyklačných centier na báze viackriteriálneho programovania

Pri rozhodovaní o umiestňovaní recyklačných centier možno okrem klasických modelov matematického programovania použiť aj ich rôzne modifikácie, ktoré môžu poskytnúť viac podkladov pre výber lokality ich umiestnenia. Jednou z možností je aj použitie metód viackriteriálneho programovania, ktoré poskyt...

Description complète

Enregistré dans:
Détails bibliographiques
Auteur principal: Pekár, Juraj, 1972-
Autres auteurs: Brezina, Ivan, 1963-
Format: Chapitre de livre
Langue:slovaque
Sujets:
Tags: Ajouter un tag
Pas de tags, Soyez le premier à ajouter un tag!

MARC

LEADER 00000nla$a2200000$$$4500
001 0145551
005 20240502072625.1
041 0 |a slo 
044 |a SK 
245 1 0 |a Modely umiestnenia recyklačných centier na báze viackriteriálneho programovania  |c Juraj Pekár, Ivan Brezina 
520 |a Pri rozhodovaní o umiestňovaní recyklačných centier možno okrem klasických modelov matematického programovania použiť aj ich rôzne modifikácie, ktoré môžu poskytnúť viac podkladov pre výber lokality ich umiestnenia. Jednou z možností je aj použitie metód viackriteriálneho programovania, ktoré poskytujú nástroje pre rozhodovanie o umiestnení recyklačných centier pri rešpektovaní viacerých cieľov. 
610 2 0 |a programovanie matematické 
610 2 0 |a rozhodovanie viackriteriálne 
610 2 0 |a recyklácia odpadu 
100 1 |a Pekár, Juraj, 1972- 
700 1 |a Brezina, Ivan, 1963-